| 000 | 00831nac a22002417a 4500 | ||
|---|---|---|---|
| 001 | BR7807730 | ||
| 003 | BR-BrBNA | ||
| 005 | 20240105114346.0 | ||
| 008 | 230509b bl.|||m| |||| 00| 0 por d | ||
| 040 |
_aBR-BrBNA _bpor _cBiblioteca Nacional de Agricultura |
||
| 072 | _aB50 | ||
| 090 | _aB50 BR7807730 | ||
| 110 | 1 |
_aSecretaria do Planejamento, Ciencia e Tecnologia, Salvador, BA (Brasil). Fundacao de Pesquisas _99107 |
|
| 245 | 1 | _aFalas e mensagens dos presidentes da provincia e governadores da Bahia 1930-1978 [Bibliografia, Brasil] | |
| 260 | 3 |
_aSalvador, BA (Brasil): _c1978. |
|
| 300 | _a93 p. | ||
| 490 |
_aPublicacoes CPE. Serie Bibliografias (Brazil) _vno. 4 _x |
||
| 650 | _aHISTORIA | ||
| 650 | _aBIBLIOGRAFIA | ||
| 650 | _aBAHIA | ||
| 909 |
_a202312 _bLúcia Elande _c55 _dLúcia Elande |
||
| 942 |
_2AGRIS _n0 _cMS |
||
| 999 |
_c268887 _d268887 |
||